[Event "Warsaw Maciei Memorial"]
[Site "Warsaw"]
[Date "2023.07.10"]
[Round "10"]
[White "Wieckowski, Michal"]
[Black "Kowalski, Witold"]
[Result "1-0"]
[WhiteElo "1637"]
[BlackElo "1492"]
[PlyCount "81"]
[EventDate "2023.07.10"]
[EventType "swiss (blitz)"]
[EventRounds "11"]
[EventCountry "POL"]
[SourceTitle "CBM 215 Extra"]
[Source "ChessBase"]
[SourceDate "2023.09.30"]
[SourceVersion "1"]
[SourceVersionDate "2023.09.30"]
[SourceQuality "1"]

1. d4 d5 2. c4 c6 3. Nf3 Nf6 4. g3 a6 5. Qc2 g6 6. Bg2 Bf5 7. Qb3 Qc8 8. c5 Bg7 9. 0-0 0-0 10. Nc3 Nbd7 11. Na4 Re8 12. Nh4 Bg4 13. f3 Be6 14. Qc3 h6 15. e4 g5 16. Nf5 Bxf5 17. exf5 Rb8 18. g4 b5 19. cxb6 Nxb6 20. Nc5 Nfd7 21. f4 Nxc5 22. Qxc5 Nd7 23. Qc3 c5 24. Be3 gxf4 25. Rxf4 Nb6 26. Qxc5 Nc4 27. Bc1 Qxc5 28. dxc5 e6 29. f6 Bf8 30. b3 Bxc5+ 31. Kh1 Ne5 32. Bb2 Ng6 33. Ra4 Rb6 34. Rc1 Bd6 35. Bf3 Be5 36. Ba3 Bxf6 37. Rc7 Ne5 38. Be2 d4 39. Rxd4 Ng6 40. Rdc4 Rd6 41. Bxd6 1-0

[Event "Warsaw YMCA Winter-B 270th"]
[Site "Warsaw"]
[Date "2023.03.17"]
[Round "10"]
[White "Nocek, Dominik"]
[Black "Kowalski, Witold"]
[Result "1-0"]
[WhiteElo "1548"]
[BlackElo "1654"]
[PlyCount "73"]
[EventDate "2023.01.12"]
[EventType "tourn"]
[EventRounds "11"]
[EventCountry "POL"]
[SourceTitle "CBM 213 Extra"]
[Source "ChessBase"]
[SourceDate "2023.05.31"]
[SourceVersion "1"]
[SourceVersionDate "2023.05.31"]
[SourceQuality "1"]

1. e4 c5 2. Nf3 e6 3. d4 cxd4 4. Nxd4 Nc6 5. Nc3 Qc7 6. g3 a6 7. Bg2 b5 8. 0-0 Bb7 9. Re1 d6 10. a4 b4 11. Nd5 Qb8 12. Nb6 Ra7 13. a5 Nge7 14. Be3 Ba8 15. Qd2 Nxd4 16. Bxd4 Nc6 17. f4 Rc7 18. c3 bxc3 19. Bxc3 Na7 20. b3 Nb5 21. Bb2 h5 22. h3 Bc6 23. Rac1 Qb7 24. Kh2 Rg8 25. f5 Be7 26. fxe6 fxe6 27. Bf3 h4 28. gxh4 Bxh4 29. Re2 Rf7 30. Bg4 Bd7 31. Nxd7 Kxd7 32. Bh5 g6 33. Rg2 Ke7 34. Bxg6 Rff8 35. Qh6 Bf2 36. Qg5+ Rf6 37. Qxf6+ 1-0

[Event "POL-ch U13 Qual"]
[Site "Jastrzebia Gora"]
[Date "2021.11.19"]
[Round "7"]
[White "Bartnik, Michal"]
[Black "Kowalski, Witold"]
[Result "0-1"]
[WhiteElo "1595"]
[BlackElo "1480"]
[PlyCount "134"]
[EventDate "2021.11.15"]
[EventType "swiss"]
[EventRounds "9"]
[EventCountry "POL"]
[SourceTitle "EXT 2023"]
[Source "ChessBase"]
[SourceDate "2022.10.05"]
[SourceVersion "1"]
[SourceVersionDate "2022.10.05"]
[SourceQuality "1"]

1. e4 c5 2. Nf3 e6 3. d4 cxd4 4. Nxd4 Nf6 5. Nc3 Nc6 6. Nxc6 bxc6 7. e5 Nd5 8. Ne4 f5 9. exf6 Nxf6 10. Nd6+ Bxd6 11. Qxd6 Qe7 12. Bf4 Ne4 13. Qxe7+ Kxe7 14. f3 Rf8 15. Be3 Nf6 16. c4 d6 17. 0-0-0 c5 18. Be2 Bb7 19. Kb1 Bc6 20. Rd2 Rfd8 21. Rhd1 Rac8 22. g4 a5 23. h4 a4 24. h5 Bb7 25. Rc1 Rd7 26. Rdc2 Rdc7 27. Bf2 h6 28. Be3 Nd7 29. Bf4 Rf8 30. Bg3 Bxf3 31. Rd1 e5 32. Bh4+ Ke6 33. Rcd2 Be4+ 34. Bd3 Bxd3+ 35. Rxd3 Rc6 36. Bg3 Nf6 37. Rf3 Rb8 38. Bh4 Rcb6 39. Rd2 R8b7 40. Bxf6 gxf6 41. Rdf2 Rf7 42. Kc2 Rb8 43. Kd3 Rg8 44. Rg2 Rfg7 45. Rgf2 Rf7 46. Rg2 Rg5 47. Rfg3 Rfg7 48. Ke3 Rg8 49. Rg1 f5 50. gxf5+ Kxf5 51. Rf3+ Ke6 52. Rgf1 Rg3 53. R1f2 Rxf3+ 54. Rxf3 Rg5 55. Rh3 Rg2 56. b3 Rxa2 57. Ke4 axb3 58. Rxb3 Rh2 59. Rg3 Rf2 60. Rg6+ Rf6 61. Rg4 Rf4+ 62. Rxf4 exf4 63. Kxf4 d5 64. cxd5+ Kxd5 65. Kf5 c4 66. Kg6 c3 67. Kxh6 c2 0-1